000 00698cam a22002413a 4500
001 15654
003 PGUSA
005 20140828083332.0
008 050419s2005||||xxu|||||s|||||000 1 eng d
040 _aPGUSA
_beng
042 _adc
050 4 _aPS
100 1 _aChambers, Robert W.
_q(Robert William),
_d1865-1933
245 1 4 _aThe Firing Line
_h[electronic resource] /
_cRobert W. Chambers
260 _bProject Gutenberg,
_c2005
506 _aPublic domain in the USA.
516 _aElectronic text
653 _aSpouses -- Fiction
653 _aMan-woman relationships -- Fiction
830 0 _aProject Gutenberg
_v15654
856 4 0 _uhttp://www.gutenberg.org/ebooks/15654
942 _cEB
999 _c244909
_d244909